[Event "New York President's Day IM-B"]
[Site "New York"]
[Date "2024.02.20"]
[Round "9"]
[White "Jimenez Fraga, Pedro Alejandro"]
[Black "Poliannikov, Danila"]
[Result "0-1"]
[WhiteElo "2447"]
[BlackElo "2276"]
[PlyCount "106"]
[EventDate "2024.02.15"]
[EventType "schev"]
[EventRounds "9"]
[EventCountry "USA"]
[SourceTitle "CB08_2024"]
[SourceDate "2024.02.21"]
[SourceVersion "1"]
[SourceVersionDate "2024.02.21"]
[SourceQuality "1"]

1. Nf3 Nf6 2. g3 c5 3. Bg2 Nc6 4. 0-0 e5 5. e4 Be7 6. Re1 0-0 7. c3 d6 8. h3 h6 9. d4 Qc7 10. Na3 a6 11. Nc4 cxd4 12. cxd4 Nxd4 13. Ne3 Nxf3+ 14. Qxf3 Be6 15. Bd2 Rac8 16. Nf5 Bxf5 17. Qxf5 Qb6 18. Bc3 Rfd8 19. Rad1 Nd7 20. Bf1 Bf6 21. Rd5 Rc5 22. Rd3 Nf8 23. h4 Ne6 24. Qf3 Nc7 25. Red1 Nb5 26. Bh3 Nxc3 27. bxc3 Be7 28. R1d2 Qa5 29. Kh2 b5 30. Rc2 Rb8 31. Qf5 Rb7 32. Qh5 Bf8 33. Rf3 Qc7 34. Re2 Rxc3 35. Rxc3 Qxc3 36. Kg2 b4 37. Re3 Qc4 38. Re2 a5 39. Qf3 a4 40. Qe3 b3 41. axb3 axb3 42. Rb2 d5 43. exd5 Qxd5+ 44. Kh2 Bc5 45. Qc3 Bd4 46. Qc8+ Kh7 47. Bg2 e4 48. Rd2 Rb6 49. Qe8 f5 50. Bh3 b2 51. h5 b1Q 52. Rxd4 Qbb5 53. Qf8 Qbc5 0-1

[Event "New York President's Day IM-B"]
[Site "New York"]
[Date "2024.02.17"]
[Round "5"]
[White "Pang, Qi"]
[Black "Poliannikov, Danila"]
[Result "0-1"]
[WhiteElo "2144"]
[BlackElo "2276"]
[PlyCount "132"]
[EventDate "2024.02.15"]
[EventType "schev"]
[EventRounds "9"]
[EventCountry "USA"]
[SourceTitle "CB08_2024"]
[SourceDate "2024.02.21"]
[SourceVersion "1"]
[SourceVersionDate "2024.02.21"]
[SourceQuality "1"]

1. Nf3 Nf6 2. c4 c5 3. g3 d5 4. cxd5 Nxd5 5. Bg2 Nc6 6. Nc3 Nc7 7. 0-0 e5 8. d3 Be7 9. Bd2 Bd7 10. Rc1 0-0 11. a3 Rc8 12. Na4 Na6 13. Nc3 Be6 14. Ne4 f6 15. h4 Qd7 16. Kh2 h6 17. Qa4 Rfd8 18. Be3 Nd4 19. Qxd7 Bxd7 20. Nc3 Bc6 21. Nd2 Bxg2 22. Kxg2 Nc7 23. Bxd4 exd4 24. Nce4 Ne6 25. g4 h5 26. gxh5 Nf4+ 27. Kf3 Nxh5 28. Ng3 Nxg3 29. fxg3 f5 30. Kg2 g6 31. Nc4 Kg7 32. a4 Re8 33. Rf2 Rc6 34. Rc2 Re6 35. Kf3 Bd8 36. Rf1 b6 37. Ra1 a6 38. Ra3 Bc7 39. Ra1 Kh6 40. Rg1 Kh5 41. b3 Bb8 42. Rg2 R8e7 43. Rg1 b5 44. axb5 axb5 45. Na3 Re3+ 46. Kf2 Kg4 47. Nxb5 Bxg3+ 48. Rxg3+ Rxg3 49. Rxc5 Rd7 50. Rc4 Kxh4 51. Nxd4 Kh3 52. Nf3 Rg2+ 53. Kf1 Ra7 54. Ra4 Re7 55. Ng1+ Rxg1+ 56. Kxg1 Rxe2 57. Ra5 Kg4 58. b4 f4 59. b5 Kg3 60. Kf1 Rb2 61. b6 Rxb6 62. Rg5+ Kh4 63. Rd5 g5 64. Rf5 Kg4 65. Rd5 Kf3 66. Kg1 Rb1+ 0-1

[Event "New York Summer 1000 GM IM-B"]
[Site "New York"]
[Date "2023.07.08"]
[Round "5.3"]
[White "La Manna, Andrea"]
[Black "Poliannikov, Danila"]
[Result "0-1"]
[WhiteElo "2180"]
[BlackElo "2269"]
[PlyCount "42"]
[EventDate "2023.07.06"]
[EventType "schev"]
[EventRounds "9"]
[EventCountry "USA"]
[SourceTitle "CBM 215 Extra"]
[Source "ChessBase"]
[SourceDate "2023.09.30"]
[SourceVersion "1"]
[SourceVersionDate "2023.09.30"]
[SourceQuality "1"]
[WhiteTeam "Team D"]
[BlackTeam "Team B"]
[WhiteTeamCountry "USA"]
[BlackTeamCountry "USA"]

1. d4 Nf6 2. c4 c5 3. d5 e6 4. Nc3 exd5 5. cxd5 d6 6. Nf3 g6 7. Bf4 Bg7 8. h3 0-0 9. e3 Qe7 10. Be2 Ne8 11. 0-0 Nd7 12. Nd2 Ne5 13. Re1 Nc7 14. Bh2 b5 15. a4 b4 16. Nb5 Ne8 17. Bf1 Qd8 18. f4 Nd7 19. Nc4 Qe7 20. f5 Ne5 21. Bxe5 Bxe5 0-1

[Event "New York Mem Day 1000 GM IM-C"]
[Site "New York"]
[Date "2023.05.26"]
[Round "2"]
[White "Sazci, Bilgen"]
[Black "Poliannikov, Danila"]
[Result "0-1"]
[WhiteElo "1827"]
[BlackElo "2278"]
[PlyCount "90"]
[EventDate "2023.05.25"]
[EventType "tourn"]
[EventRounds "9"]
[EventCountry "USA"]
[SourceTitle "CBM 214 Extra"]
[Source "ChessBase"]
[SourceDate "2023.07.31"]
[SourceVersion "1"]
[SourceVersionDate "2023.07.31"]
[SourceQuality "1"]

1. d4 Nf6 2. Nc3 d5 3. Bf4 g6 4. Nb5 Na6 5. e3 Bg7 6. h3 0-0 7. c4 c5 8. Nf3 Qa5+ 9. Nc3 cxd4 10. exd4 Bf5 11. Be2 dxc4 12. Bxc4 Rac8 13. Qe2 Be4 14. Bb3 Nb4 15. Rd1 Nbd5 16. Bd2 Nxc3 17. bxc3 Qh5 18. g4 Qa5 19. 0-0 Bd5 20. c4 Qa6 21. Ne5 Ne4 22. Rfe1 Nxd2 23. Qxd2 Bxe5 24. cxd5 Bd6 25. Kg2 Qa3 26. Re2 a5 27. Qd3 Qb4 28. Rb1 Rc3 29. Qd1 Rfc8 30. a4 b5 31. axb5 Qxb5 32. Ba2 Qd3 33. Qxd3 Rxd3 34. Rb3 Rxd4 35. Rb5 a4 36. Bb1 a3 37. Ra5 Rc3 38. Be4 Rcc4 39. Bb1 Kg7 40. Ra6 Rb4 41. Ba2 Rb8 42. Ra5 Rd1 43. Re3 Rb2 44. Bc4 Rd4 45. Bb3 Rf4 0-1

[Event "New York Mem Day 1000 GM IM-C"]
[Site "New York"]
[Date "2023.05.25"]
[Round "1"]
[White "Paragua, Mark"]
[Black "Poliannikov, Danila"]
[Result "1-0"]
[WhiteElo "2442"]
[BlackElo "2278"]
[PlyCount "73"]
[EventDate "2023.05.25"]
[EventType "tourn"]
[EventRounds "9"]
[EventCountry "USA"]
[SourceTitle "CBM 214 Extra"]
[Source "ChessBase"]
[SourceDate "2023.07.31"]
[SourceVersion "1"]
[SourceVersionDate "2023.07.31"]
[SourceQuality "1"]

1. Nf3 Nf6 2. g3 c5 3. Bg2 Nc6 4. 0-0 e5 5. c4 d5 6. cxd5 Nxd5 7. Nc3 Nc7 8. a3 Rb8 9. d3 Be7 10. Be3 0-0 11. Rc1 Bd7 12. Nd2 b6 13. Nc4 f6 14. f4 b5 15. Nd2 Nd4 16. fxe5 fxe5 17. Rxf8+ Qxf8 18. Nf3 Bd6 19. Ne4 Nce6 20. Bxd4 exd4 21. Qb3 c4 22. Qa2 Nc5 23. Nfg5 Qe7 24. dxc4 Be6 25. Qb1 Bxc4 26. Nxd6 Qxg5 27. Nxc4 bxc4 28. Qc2 c3 29. bxc3 d3 30. exd3 Nxd3 31. Rf1 Qe3+ 32. Kh1 h6 33. Qa2+ Kh8 34. Qf7 Rb2 35. Qf8+ Kh7 36. Qf5+ Kh8 37. Be4 1-0

[Event "Foxwoods op 15th"]
[Site "Ledyard"]
[Date "2023.04.09"]
[Round "8"]
[White "Poliannikov, Danila"]
[Black "Sun, Ryan"]
[Result "1-0"]
[WhiteElo "2278"]
[BlackElo "2143"]
[PlyCount "81"]
[EventDate "2023.04.05"]
[EventType "swiss"]
[EventRounds "9"]
[EventCountry "USA"]
[SourceTitle "CBM 213 Extra"]
[Source "ChessBase"]
[SourceDate "2023.05.31"]
[SourceVersion "1"]
[SourceVersionDate "2023.05.31"]
[SourceQuality "1"]

1. e4 e5 2. Nf3 Nc6 3. Bb5 Nf6 4. d3 Bc5 5. c3 d5 6. exd5 Qxd5 7. Bc4 Qd6 8. 0-0 0-0 9. b4 Bb6 10. Nbd2 Bg4 11. Qc2 Rfe8 12. Re1 Rad8 13. Ng5 Bh5 14. a4 a6 15. Qb3 Qd7 16. Nde4 Nd5 17. a5 Ba7 18. Nc5 Bxc5 19. bxc5 Nf4 20. d4 h6 21. Bxf4 exf4 22. Ne4 Bg6 23. f3 Kh8 24. Qa2 f5 25. Nf2 Re3 26. Nd3 Rde8 27. Qf2 Rxe1+ 28. Rxe1 Rxe1+ 29. Qxe1 Bf7 30. Bxf7 Qxf7 31. Nxf4 Nxa5 32. d5 Nb3 33. Qe3 Qd7 34. c4 Qa4 35. d6 Qc6 36. Ng6+ Kh7 37. Nf8+ Kh8 38. d7 Qf6 39. Ne6 Qa1+ 40. Kf2 Qb2+ 41. Qe2 1-0

[Event "Foxwoods op 15th"]
[Site "Ledyard"]
[Date "2023.04.08"]
[Round "7"]
[White "Pang, Brian"]
[Black "Poliannikov, Danila"]
[Result "1-0"]
[WhiteElo "2165"]
[BlackElo "2278"]
[PlyCount "211"]
[EventDate "2023.04.05"]
[EventType "swiss"]
[EventRounds "9"]
[EventCountry "USA"]
[SourceTitle "CBM 213 Extra"]
[Source "ChessBase"]
[SourceDate "2023.05.31"]
[SourceVersion "1"]
[SourceVersionDate "2023.05.31"]
[SourceQuality "1"]

1. Nf3 Nf6 2. g3 c5 3. c4 d5 4. cxd5 Nxd5 5. Bg2 Nc6 6. 0-0 e5 7. d3 Be7 8. Nc3 Nc7 9. Bd2 Bd7 10. Rc1 0-0 11. a3 a5 12. Ne4 Ne6 13. Nc3 Rc8 14. Nd5 b6 15. Bc3 Ned4 16. e3 Nxf3+ 17. Qxf3 Be6 18. Nxe7+ Qxe7 19. Qh5 g6 20. Qh6 f6 21. f4 Qg7 22. Qh4 exf4 23. Qxf4 Ne5 24. Rcd1 Bb3 25. Rd2 Qe7 26. d4 cxd4 27. exd4 Nd7 28. Rdf2 Qf7 29. Qd6 Qe6 30. Qxe6+ Bxe6 31. Re1 Rfe8 32. Rfe2 Bf7 33. Re7 Rxe7 34. Rxe7 Rd8 35. Bc6 Nb8 36. d5 Rd6 37. Bb7 Nd7 38. Bc6 Nb8 39. Bb7 Nd7 40. Bc6 Nb8 41. Ba4 Kf8 42. Rb7 Na6 43. Bc6 Bxd5 44. Bxd5 Rxd5 45. Rxb6 Nc7 46. Rxf6+ Ke7 47. Rf4 Rb5 48. Ra4 Nd5 49. Rxa5 Nxc3 50. Ra7+ Ke6 51. bxc3 h5 52. Ra4 Rb1+ 53. Kg2 Rb2+ 54. Kh3 g5 55. g4 h4 56. Rb4 Rc2 57. Rb3 Rd2 58. Rb6+ Kf7 59. Rb3 Rd3+ 60. Kg2 h3+ 61. Kf2 Rd2+ 62. Kf3 Rxh2 63. Kg3 Rh1 64. a4 h2 65. Ra3 Rg1+ 66. Kxh2 Rxg4 67. a5 Rc4 68. a6 Rc8 69. Kg3 Ke6 70. Kg4 Kd6 71. Kxg5 Kc7 72. a7 Kb7 73. Kf6 Ka8 74. Ke6 Rc5 75. Kd6 Rc8 76. Kd5 Rd8+ 77. Kc4 Rd7 78. Kb3 Rb7+ 79. Kc4 Rd7 80. Ra5 Rh7 81. Kb3 Rb7+ 82. Ka4 Rc7 83. Kb4 Rb7+ 84. Rb5 Rh7 85. Ra5 Rb7+ 86. Kc4 Rc7+ 87. Kd4 Rd7+ 88. Ke5 Rc7 89. Ra3 Rc8 90. Kd6 Rd8+ 91. Kc6 Rd3 92. Kc5 Rh3 93. Kb4 Rg3 94. Ra4 Rg5 95. c4 Rh5 96. Ra6 Rh4 97. Ra2 Rg4 98. Kb5 Rg6 99. c5 Rg5 100. Re2 Rg6 101. c6 Rg1 102. Re8+ Kxa7 103. c7 Rb1+ 104. Ka4 Ra1+ 105. Kb3 Rb1+ 106. Kc2 1-0

[Event "New York Fall IM-D"]
[Site "Long Island City"]
[Date "2022.11.10"]
[Round "3"]
[White "Poliannikov, Danila"]
[Black "Zaloznyy, Mike"]
[Result "1-0"]
[WhiteElo "2285"]
[BlackElo "2226"]
[PlyCount "145"]
[EventDate "2022.11.09"]
[EventType "tourn"]
[EventRounds "9"]
[EventCountry "USA"]
[SourceTitle "CBM 211 Extra"]
[Source "ChessBase"]
[SourceDate "2023.01.31"]
[SourceVersion "1"]
[SourceVersionDate "2023.01.31"]
[SourceQuality "1"]

1. e4 d6 2. d4 Nf6 3. Nc3 e5 4. Nf3 Nbd7 5. Bc4 Be7 6. 0-0 c6 7. a4 0-0 8. Re1 exd4 9. Nxd4 Nb6 10. Bb3 a5 11. Bg5 Ng4 12. Bf4 Bh4 13. Rf1 Qf6 14. Qd2 Ne5 15. Bxe5 dxe5 16. Nf3 Qe7 17. Nxh4 Qxh4 18. Rad1 Qe7 19. Qd6 Qxd6 20. Rxd6 Nd7 21. f4 exf4 22. Rxf4 Ne5 23. Rf1 Re8 24. Kf2 Bd7 25. Ke3 Re7 26. h3 Rae8 27. Ne2 Be6 28. Bxe6 Rxe6 29. Rxe6 Rxe6 30. b3 Kf8 31. Rd1 Ke8 32. Nd4 Rd6 33. Rf1 g6 34. Ne2 Nd7 35. Nf4 f6 36. Nd3 Re6 37. Kd4 Ke7 38. Rf4 Kd6 39. Rh4 Re7 40. Rf4 Re6 41. h4 c5+ 42. Kc3 Ne5 43. Nb2 Kc6 44. Nd1 Nd7 45. Nf2 Ne5 46. Nd1 Nd7 47. Kd2 Rd6+ 48. Ke2 Rd4 49. c3 Rd6 50. Ne3 Nb6 51. c4 Kd7 52. g4 Ke7 53. g5 fxg5 54. hxg5 Ke8 55. Rh4 Rd7 56. Ng4 Kf8 57. Nf6 Re7 58. Nxh7+ Kf7 59. Nf6 Ke6 60. Rh6 Rg7 61. Rh8 Re7 62. Rd8 Rc7 63. Re8+ Kf7 64. Rh8 Ke6 65. Ke3 Re7 66. Rd8 Rc7 67. Kf4 Nc8 68. Re8+ Kf7 69. Rd8 Ke6 70. e5 Ke7 71. Re8+ Kf7 72. e6+ Kg7 73. Rg8# 1-0

[Event "New York Fall IM-D"]
[Site "Long Island City"]
[Date "2022.11.09"]
[Round "1"]
[White "Poliannikov, Danila"]
[Black "Dolgitser, Konstantin"]
[Result "0-1"]
[WhiteElo "2285"]
[BlackElo "2161"]
[PlyCount "90"]
[EventDate "2022.11.09"]
[EventType "tourn"]
[EventRounds "9"]
[EventCountry "USA"]
[SourceTitle "CBM 211 Extra"]
[Source "ChessBase"]
[SourceDate "2023.01.31"]
[SourceVersion "1"]
[SourceVersionDate "2023.01.31"]
[SourceQuality "1"]

1. e4 c5 2. Nf3 d6 3. d4 cxd4 4. Nxd4 Nf6 5. Nc3 a6 6. g3 e5 7. Nde2 Be7 8. Bg2 0-0 9. 0-0 b5 10. Nd5 Nbd7 11. Nec3 Nxd5 12. Nxd5 Nf6 13. Nxe7+ Qxe7 14. a4 Bd7 15. axb5 axb5 16. Bg5 h6 17. Bxf6 Qxf6 18. Qd3 Qe7 19. Rfd1 Rxa1 20. Rxa1 Bc6 21. Qc3 Qb7 22. Qb4 d5 23. exd5 Bxd5 24. Bf1 Rc8 25. Ra5 Bc6 26. c3 Qd7 27. Qc5 Qd1 28. Qe3 Rd8 29. Ra6 Bd5 30. b3 Bxb3 31. Rc6 f6 32. Qb6 Bc4 33. Rxc4 bxc4 34. Qe6+ Kh8 35. Qxc4 Qb1 36. h4 Rd1 37. Kg2 Qc2 38. Be2 Rd2 39. Kf3 f5 40. h5 Kh7 41. Qc6 f4 42. Bc4 Rxf2+ 43. Kg4 Qd1+ 44. Kf5 Qxh5+ 45. Ke4 Qf3+ 0-1

[Event "New York Fischer GM"]
[Site "New York"]
[Date "2022.09.05"]
[Round "9"]
[White "Korley, Kassa"]
[Black "Poliannikov, Danila"]
[Result "1-0"]
[WhiteElo "2460"]
[BlackElo "2301"]
[PlyCount "103"]
[EventDate "2022.09.01"]
[EventType "tourn"]
[EventRounds "9"]
[EventCountry "USA"]
[EventCategory "6"]
[SourceTitle "CBM 210 Extra"]
[Source "ChessBase"]
[SourceDate "2022.11.30"]
[SourceVersion "1"]
[SourceVersionDate "2022.11.30"]
[SourceQuality "1"]

1. Nf3 Nf6 2. c4 c5 3. e3 g6 4. d4 Bg7 5. Nc3 0-0 6. d5 d6 7. Be2 e5 8. e4 h6 9. h3 Na6 10. g4 Nh7 11. Be3 Ng5 12. Nxg5 hxg5 13. Qd2 f6 14. 0-0-0 Bd7 15. h4 gxh4 16. Rxh4 g5 17. Rh5 Nc7 18. Rdh1 Qe7 19. Qd1 Kf7 20. Qf1 Rh8 21. Bd2 Rag8 22. Nd1 Ke8 23. Ne3 Kd8 24. R1h2 Kc8 25. a3 Kb8 26. b4 b6 27. Bc3 Ka8 28. Qh1 Qe8 29. Kd2 Na6 30. Bd1 Kb7 31. Bc2 Ka8 32. Qd1 Kb7 33. Ke1 Ka8 34. Kf1 Kb7 35. Kg2 Ka8 36. Bd2 Kb7 37. Rh1 Ka8 38. Kg3 Kb7 39. Qe2 Ka8 40. Nd1 Kb7 41. Nb2 Ka8 42. Qd1 Rxh5 43. Rxh5 Rh8 44. Ba4 Bxa4 45. Nxa4 Kb7 46. Nc3 Nc7 47. Qh1 a6 48. Nd1 Rxh5 49. gxh5 f5 50. exf5 e4 51. Bxg5 Qg8 52. Kh4 1-0

[Event "New York Fischer GM"]
[Site "New York"]
[Date "2022.09.04"]
[Round "6"]
[White "Paragua, Mark"]
[Black "Poliannikov, Danila"]
[Result "1-0"]
[WhiteElo "2451"]
[BlackElo "2301"]
[PlyCount "119"]
[EventDate "2022.09.01"]
[EventType "tourn"]
[EventRounds "9"]
[EventCountry "USA"]
[EventCategory "6"]
[SourceTitle "CBM 210 Extra"]
[Source "ChessBase"]
[SourceDate "2022.11.30"]
[SourceVersion "1"]
[SourceVersionDate "2022.11.30"]
[SourceQuality "1"]

1. d4 Nf6 2. c4 c5 3. d5 e6 4. Nc3 exd5 5. cxd5 d6 6. e4 g6 7. f4 Bg7 8. Bb5+ Nfd7 9. Nf3 a6 10. Bd3 b5 11. 0-0 0-0 12. Kh1 Re8 13. a3 Bb7 14. f5 c4 15. Bc2 Nc5 16. Bg5 Bf6 17. fxg6 fxg6 18. Qd2 Rf8 19. Bh6 Re8 20. e5 dxe5 21. Ng5 Nbd7 22. Nce4 Nxe4 23. Nxe4 Qe7 24. Rf3 Rf8 25. Bxf8 Rxf8 26. Raf1 Bg7 27. Rxf8+ Bxf8 28. Qa5 Kg7 29. d6 Qe6 30. Qc7 Bxe4 31. Bxe4 Bxd6 32. Qc6 Nf6 33. Qxa6 Kh6 34. Bc2 e4 35. Rd1 Nd5 36. Qa5 Qe5 37. g3 e3 38. Qe1 Bc5 39. Qe2 Nf6 40. Qf3 b4 41. axb4 Bxb4 42. Qe2 Kg7 43. Rf1 Bd2 44. b3 Qd5+ 45. Kg1 cxb3 46. Bb1 b2 47. Qa6 Qd4 48. Kg2 Qd5+ 49. Rf3 Nd7 50. Qa3 Ne5 51. Qe7+ Kh6 52. Qh4+ Kg7 53. Qf6+ Kh6 54. Qf4+ g5 55. Qf8+ Kh5 56. g4+ Nxg4 57. Qe8+ Kh6 58. Qf8+ Kh5 59. Qf7+ Qxf7 60. Rh3# 1-0

[Event "New York Summer IM-C"]
[Site "New York"]
[Date "2022.07.11"]
[Round "8"]
[White "Huston, Gus"]
[Black "Poliannikov, Danila"]
[Result "0-1"]
[WhiteElo "2282"]
[BlackElo "2309"]
[PlyCount "96"]
[EventDate "2022.07.07"]
[EventType "tourn"]
[EventRounds "9"]
[EventCountry "USA"]
[SourceTitle "CBM 209 Extra"]
[Source "ChessBase"]
[SourceDate "2022.09.30"]
[SourceVersion "1"]
[SourceVersionDate "2022.09.30"]
[SourceQuality "1"]

1. e4 e5 2. Nf3 Nc6 3. Nc3 Nf6 4. d4 exd4 5. Nxd4 Bb4 6. Nxc6 bxc6 7. Bd3 d5 8. exd5 0-0 9. 0-0 cxd5 10. h3 c6 11. Qf3 Rb8 12. Bf4 Bd6 13. b3 Re8 14. Rfe1 Rxe1+ 15. Rxe1 Be6 16. Ne2 c5 17. c3 Qc7 18. Bc2 Bxf4 19. Nxf4 Qd6 20. Rd1 Rd8 21. Qe3 Re8 22. Qc1 g6 23. Bd3 Kg7 24. Bf1 Qc7 25. g3 h5 26. Bg2 h4 27. g4 Qe5 28. Re1 Qd6 29. Qd2 Rd8 30. b4 cxb4 31. Qd4 Qb6 32. Qe5 Qd6 33. Nh5+ gxh5 34. Qg5+ Kh7 35. Qxf6 bxc3 36. Bf1 Kg8 37. Re5 Bxg4 38. Re8+ Rxe8 39. Qxd6 c2 40. Qc6 Rc8 41. Qxd5 c1Q 42. hxg4 hxg4 43. Qf5 Rc6 44. Kg2 h3+ 45. Kh2 Qxf1 46. Qg5+ Rg6 47. Qd8+ Kh7 48. Qh4+ Kg7 0-1

[Event "New York Summer IM-C"]
[Site "New York"]
[Date "2022.07.09"]
[Round "5"]
[White "Martin Del Campo C, Roberto Abel"]
[Black "Poliannikov, Danila"]
[Result "1-0"]
[WhiteElo "2245"]
[BlackElo "2309"]
[PlyCount "77"]
[EventDate "2022.07.07"]
[EventType "tourn"]
[EventRounds "9"]
[EventCountry "USA"]
[SourceTitle "CBM 209 Extra"]
[Source "ChessBase"]
[SourceDate "2022.09.30"]
[SourceVersion "1"]
[SourceVersionDate "2022.09.30"]
[SourceQuality "1"]

1. e4 e5 2. Nf3 Nc6 3. Bb5 a6 4. Ba4 Nf6 5. 0-0 Nxe4 6. d4 b5 7. Bb3 d5 8. dxe5 Be6 9. Nbd2 Bc5 10. Qe2 Bf5 11. a4 Rb8 12. axb5 axb5 13. Nxe4 Bxe4 14. Be3 Bxe3 15. Qxe3 0-0 16. Ng5 Bg6 17. e6 f6 18. e7 Nxe7 19. Ne6 Qd6 20. Nxf8 Kxf8 21. Qa7 Qb6 22. Rfe1 Qxa7 23. Rxa7 Rc8 24. c3 Bf7 25. Bc2 Be8 26. b4 g6 27. f4 Kf7 28. Bd3 Bd7 29. Kf2 Nc6 30. Rb7 Nd8 31. Bxb5 Nxb7 32. Bxd7 Rd8 33. Bc6 Nd6 34. Bxd5+ Kf8 35. Re6 Ne8 36. c4 Rb8 37. b5 Rb6 38. Rxb6 cxb6 39. c5 1-0

[Event "New York Summer IM-C"]
[Site "New York"]
[Date "2022.07.08"]
[Round "2"]
[White "Poliannikov, Danila"]
[Black "Hardaway, Brewington"]
[Result "1/2-1/2"]
[WhiteElo "2309"]
[BlackElo "2175"]
[PlyCount "103"]
[EventDate "2022.07.07"]
[EventType "tourn"]
[EventRounds "9"]
[EventCountry "USA"]
[SourceTitle "CBM 209 Extra"]
[Source "ChessBase"]
[SourceDate "2022.09.30"]
[SourceVersion "1"]
[SourceVersionDate "2022.09.30"]
[SourceQuality "1"]

1. e4 e5 2. Nf3 Nf6 3. Nxe5 d6 4. Nf3 Nxe4 5. Nc3 Nxc3 6. dxc3 Be7 7. Be3 Nd7 8. Qd2 0-0 9. 0-0-0 c6 10. Bd3 d5 11. Rhe1 Nc5 12. Nd4 Bf6 13. f3 a5 14. Bf1 Ne6 15. Kb1 Bd7 16. c4 Nc7 17. a3 b6 18. Bf4 c5 19. Nb3 d4 20. Bd3 Ne6 21. Bg3 g6 22. Be4 Ra7 23. Bd5 Ng7 24. Bd6 Re8 25. g4 Be6 26. Bxe6 Qxd6 27. Bd5 Be5 28. Re4 Rae7 29. f4 Bf6 30. Rxe7 Bxe7 31. f5 g5 32. Re1 Bf6 33. Rxe8+ Nxe8 34. Qe2 Qe5 35. Qxe5 Bxe5 36. h3 Bf4 37. c3 dxc3 38. bxc3 Nf6 39. Kc2 Kf8 40. Kd3 Ke7 41. Na1 h5 42. Bf3 hxg4 43. hxg4 Nd7 44. Be2 Ne5+ 45. Ke4 Kd6 46. a4 Bd2 47. Nc2 Bxc3 48. Ne3 Nd7 49. Nd5 Bf6 50. Bd1 Bd8 51. Be2 Ne5 52. Nc3 1/2-1/2

[Event "Foxwoods op 14th"]
[Site "Ledyard"]
[Date "2022.04.13"]
[Round "1"]
[White "Poliannikov, Danila"]
[Black "Shivakumar, Shawnak"]
[Result "1-0"]
[WhiteElo "2275"]
[BlackElo "1886"]
[PlyCount "53"]
[EventDate "2022.04.13"]
[EventType "swiss"]
[EventRounds "9"]
[EventCountry "USA"]
[SourceTitle "EXT 2023"]
[Source "ChessBase"]
[SourceDate "2022.10.05"]
[SourceVersion "1"]
[SourceVersionDate "2022.10.05"]
[SourceQuality "1"]

1. e4 e5 2. Nf3 Nf6 3. Nxe5 d6 4. Nf3 Nxe4 5. Nc3 Nxc3 6. dxc3 Be7 7. Be3 Nd7 8. Bd3 0-0 9. Qd2 Nf6 10. 0-0-0 c5 11. c4 b5 12. cxb5 a6 13. bxa6 Bxa6 14. c4 Bb7 15. a3 d5 16. Rhe1 dxc4 17. Bxc4 Qb6 18. Bf4 Ne4 19. Qc2 Bf6 20. Ne5 Bxe5 21. Bxe5 Qh6+ 22. Kb1 Qh5 23. Bd5 Bxd5 24. Rxd5 Nf6 25. Rxc5 Rfe8 26. Ka2 Nd7 27. Bb8 1-0

[Event "Charlotte CCCSA Spring IM-B"]
[Site "Charlotte"]
[Date "2022.03.19"]
[Round "7"]
[White "Rusonik, Max"]
[Black "Poliannikov, Danila"]
[Result "0-1"]
[WhiteElo "2141"]
[BlackElo "2273"]
[PlyCount "94"]
[EventDate "2022.03.16"]
[EventType "tourn"]
[EventRounds "9"]
[EventCountry "USA"]
[SourceTitle "CBM 207 Extra"]
[Source "ChessBase"]
[SourceDate "2022.05.31"]
[SourceVersion "1"]
[SourceVersionDate "2022.05.31"]
[SourceQuality "1"]

1. e4 e5 2. Nf3 Nc6 3. Bc4 Bc5 4. c3 Nf6 5. d4 exd4 6. e5 d5 7. Bb5 Ne4 8. cxd4 Bb6 9. Nc3 0-0 10. Be3 Bg4 11. h3 Bh5 12. Qc2 Bg6 13. Qb3 Ne7 14. 0-0 c6 15. Bd3 Nf5 16. Qc2 Nxe3 17. fxe3 Ng5 18. Ne2 Qe7 19. Bxg6 hxg6 20. Nxg5 Qxg5 21. Nf4 Rae8 22. Rf3 Qf5 23. Qxf5 gxf5 24. Nd3 g6 25. b4 f6 26. g4 fxg4 27. hxg4 fxe5 28. Rxf8+ Kxf8 29. Rf1+ Kg7 30. Nxe5 Re7 31. Kf2 Bc7 32. Nd3 Kf6 33. Rg1 Kg5 34. Ne1 Bd6 35. a3 Kf6 36. Nd3 Rh7 37. Nf4 Rh2+ 38. Rg2 Rh1 39. Rg1 Rxg1 40. Kxg1 Kg5 41. Ne6+ Kxg4 42. Kf2 Be7 43. Nf4 g5 44. Ne2 a5 45. bxa5 Bxa3 46. Nc3 Bb4 47. Na4 Kh3 0-1

[Event "Charlotte CCCSA Spring IM-B"]
[Site "Charlotte"]
[Date "2022.03.16"]
[Round "1"]
[White "Poliannikov, Danila"]
[Black "Almeida Saenz, Alfonso"]
[Result "1/2-1/2"]
[WhiteElo "2273"]
[BlackElo "2259"]
[PlyCount "130"]
[EventDate "2022.03.16"]
[EventType "tourn"]
[EventRounds "9"]
[EventCountry "USA"]
[SourceTitle "CBM 207 Extra"]
[Source "ChessBase"]
[SourceDate "2022.05.31"]
[SourceVersion "1"]
[SourceVersionDate "2022.05.31"]
[SourceQuality "1"]

1. e4 c5 2. Nf3 Nc6 3. d4 cxd4 4. Nxd4 Nf6 5. Nc3 d6 6. Be3 e5 7. Nf3 Be6 8. Ng5 d5 9. exd5 Bxd5 10. Nxd5 Qxd5 11. Qxd5 Nxd5 12. Bc4 Bb4+ 13. c3 Nxe3 14. fxe3 Bc5 15. Bxf7+ Ke7 16. Ke2 h6 17. Ne4 Bxe3 18. Kxe3 Kxf7 19. Nd6+ Ke7 20. Rad1 Rhf8 21. Nxb7 Rab8 22. Nc5 Rxb2 23. Rd7+ Ke8 24. Rhd1 Rff2 25. R1d2 Rxg2 26. Rxb2 Rxb2 27. Rxg7 Rxa2 28. Ke4 Rd2 29. Rg6 Ne7 30. Rxh6 Re2+ 31. Kd3 Re1 32. Kc4 e4 33. Re6 e3 34. Nd3 Rh1 35. Rxe3 Rxh2 36. Kb5 Rh6 37. c4 Kd8 38. c5 Nc6 39. Rg3 Nd4+ 40. Kc4 Nc6 41. Rg7 Kc8 42. Kd5 a5 43. Nf4 a4 44. Ne6 Kb8 45. Rg8+ Kb7 46. Rg7+ Kb8 47. Kxc6 Rxe6+ 48. Kd7 Re1 49. Rg8+ Ka7 50. c6 Rd1+ 51. Kc7 Rh1 52. Rg4 Rh7+ 53. Kd6 Rh6+ 54. Kc5 Rh5+ 55. Kd6 Rh6+ 56. Kd7 Rh7+ 57. Kd8 Rh8+ 58. Ke7 Rh7+ 59. Kd6 Rh6+ 60. Kd5 Rh5+ 61. Kd6 Rh6+ 62. Kc5 Rh5+ 63. Kb4 Kb6 64. Rc4 Rh7 65. Kxa4 Rc7 1/2-1/2

[Event "Titled Tuesday intern op 25th Jan"]
[Site "Chess.com INT"]
[Date "2022.01.25"]
[Round "2"]
[White "Poliannikov, Danila"]
[Black "Srihari, LR."]
[Result "1-0"]
[WhiteElo "2254"]
[BlackElo "2400"]
[PlyCount "137"]
[EventDate "2022.01.25"]
[EventType "swiss (blitz)"]
[EventRounds "11"]
[EventCountry "USA"]
[SourceTitle "CBM 206 Extra"]
[Source "ChessBase"]
[SourceDate "2022.03.31"]
[SourceVersion "1"]
[SourceVersionDate "2022.03.31"]
[SourceQuality "1"]

1. Nf3 c5 2. c4 Nf6 3. b3 g6 4. Bb2 Bg7 5. g3 0-0 6. Bg2 Nc6 7. 0-0 d6 8. e3 Bg4 9. h3 Bxf3 10. Bxf3 e5 11. d3 Qd7 12. Bg2 d5 13. cxd5 Nxd5 14. a3 Rad8 15. Qc2 b6 16. Nc3 Nxc3 17. Qxc3 Rc8 18. Rfd1 Rfd8 19. Rac1 h6 20. b4 Ne7 21. Qb3 cxb4 22. Rxc8 Rxc8 23. axb4 Qc7 24. Rc1 Qd7 25. Rc4 Nf5 26. Qc2 Nd6 27. Rxc8+ Qxc8 28. Qxc8+ Nxc8 29. Kf1 f6 30. Bd5+ Kf8 31. b5 Ke8 32. Ba3 Bf8 33. Bb2 Nd6 34. d4 e4 35. Ba3 Nxb5 36. Bc6+ Kf7 37. Bxf8 Nxd4 38. exd4 Kxf8 39. Bxe4 f5 40. Bd3 Ke7 41. Ke2 Kd6 42. Bc4 Kc6 43. Kd3 b5 44. Bf7 g5 45. Be6 f4 46. gxf4 gxf4 47. Ke4 a5 48. Ke5 a4 49. d5+ Kc7 50. d6+ Kd8 51. Kd4 b4 52. Kc4 b3 53. Kb4 b2 54. Bf5 b1Q+ 55. Bxb1 Kd7 56. Kc5 Ke6 57. Kc6 a3 58. d7 Ke7 59. Kc7 a2 60. d8Q+ Kf7 61. Bxa2+ Kg6 62. Be6 h5 63. Qf8 f3 64. Qf5+ Kg7 65. Kd7 h4 66. Ke7 Kh6 67. Qg4 Kh7 68. Kf7 Kh6 69. Qxh4# 1-0